NHL All Time Game Winning Goals Leaders Top 20 - Statistics

General Stats
  • This quiz has been taken 179 times
  • The average score is 15 of 20
Answer Stats
Hint Answer % Correct
Oilers (91) Wayne Gretzky
93%
Capitals (93) Alex Ovechkin
92%
Red Wings (94) Steve Yzerman
92%
Ducks (110) Teemu Selanne
91%
Blues (110) Brett Hull
90%
Penguins (133) Jaromir Jagr
87%
Flames (97) Jarome Iginla
86%
Oilers (92) Mark Messier
85%
Bruins (118) Phil Esposito
85%
Canadiens (97) Guy Lafleur
84%
Maple Leafs (96) Mats Sundin
81%
Stars (92) Mike Modano
81%
Sharks (94) Patrick Marleau
79%
Kings (89) Luc Robitaille
74%
Red Wings (93) Sergei Fedorov
60%
Capitals (90) Mike Gartner
56%
Red Wings (109) Brendan Shanahan
54%
Flames (93) Joe Nieuwendyk
43%
BlackHawks (92) Jeremy Roenick
42%
Flyers (91) Mark Recchi
33%
No matching quizzes found
Score Distribution
Percent of People with Each Score
Percentile by Number Answered
Your Score History
You have not taken this quiz